000 00596nam a22002057a 4500
999 _c6824
_d6824
003 OSt
005 20210319113519.0
008 210319b ||||| |||| 00| 0 eng d
020 _a1853831980
040 _cDDC
082 _a630 PRE 1995
100 _aPretty, Jules N.
_913982
245 _aRegenerating Agriculture:policies and practice for sustainability and self-reliance
260 _aLondon; Earthscan, 1995
300 _aviii,320p; ill:23cm
504 _aReferences, & Index included
650 _aAgriculture
_94591
650 _aPolicies in agriculture
_913983
942 _2z
_cO_SHELF